It Was All a Dream... - Statistics

General Stats
  • This quiz has been taken 9 times
  • The average score is 6 of 12
Answer Stats
Hint Answer % Correct
Dorothy goes on a magical adventure to get back home, but all she had to do was wake up. The Wizard of Oz
100%
In one episode of this animated sci-fi show, Leela is haunted by dreams about bees after Fry apparently dies. Futurama
78%
Episodes such as "Where is Everybody?" and "Perchance to Dream" from this anthology series had the plot twist of it all being a dream. The Twilight Zone
78%
Obviously a lot of this Christopher Nolan movie was a dream, but how much of it? Inception
44%
This sci-fi television franchise has boldly gone to the realm of dreams on several occasions. Star Trek
44%
Arnold Schwarzenegger recovers his true identity and saves Mars...or does he? Total Recall
44%
Many if not all of the murders in this movie may have just been the delusions of the supposed serial killer. American Psycho
33%
Adam Sandler wakes up in the Bed, Bath, and Beyond. Maybe it was a dream or maybe he just hit rewind. Click
33%
This Texas-based drama killed off Bobby, but then brought him back a season later, revealing his death and everything afterwards had been a dream. Dallas
33%
Turns out the entire show was just the dream of a character from another show played by the same actor. Newhart
33%
The hospital and all its staff were just the imaginings of an autistic boy. St. Elsewhere
22%
Presumably half of this David Lynch movie about an amnesiac actress was just a dream. Or maybe all of it was. Mulholland Drive
11%
No matching quizzes found
Score Distribution
Percent of People with Each Score
Percentile by Number Answered
Your Score History
You have not taken this quiz